00917cam a2200229 a 450000100100000000500170001000800410002704000300006808200200009810000460011824500510016426000850021530000210030049000550032165000340037665000350041083000610044591000340050604900090054095201230054999900150067200000513120200929151603.0970707s1996 es 000 p spa d aDO-SdBNPbspacDLCdBNPHU aES861.44bG345n1 aGeoffroy Rivas, Pedro,d1908-1979.91469214aLos Nietos del jaguar /cPedro Geoffroy Rivas. aSan Salvador :bConsejo Nacional para la Cultura y el Arte, (Concultura),c1996. a117 p. ;c22 cm.1 aBiblioteca básica de literatura salvadoreñav8 4aPoesía salvadoreña912306 4aLiteratura salvadoreña92929 0aBiblioteca básica de literatura salvadorena ;v898991 aCatalogación por copia / LC aBNGR 001054708MOaGRbGRcCTd2009-07-29iLF1l0oES861.44 G345np5131-10r2020-06-25w2020-06-25y4ZPréstamo en sala c4934d4934